| 000 | 00000nam##2200000za#4500 |
| 001 | 9.696330 |
| 003 | CaOODSP |
| 005 | 20210624235002 |
| 007 | cr ||||||||||| |
| 008 | 150407|2004||||xxc|||||o f|0| 0 eng|d |
| 040 | |aCaOODSP|beng |
| 043 | |an-cn--- |
| 086 | 1 |aH34-257/1-2004E-PDF |
| 110 | 1 |aCanada. |bHealth Canada. |bFirst Nations and Inuit Health Branch. |
| 245 | 10|aTransfer of health programs to First Nations and Inuit communities. Handbook 1, : |h[electronic resource]|bAn introduction to three approaches |
| 260 | |aOttawa - Ontario : |bHealth Canada. |cRevised March 2004. |
| 300 | |a60p.|btables |
| 590 | |a12-27-Supp|b2012-06-12 |
| 775 | 08|tTransfert des programmes de santé aux communautés des Premières nations et Inuits. Guide 1, : |w(CaOODSP)9.640456 |
| 856 | 40|ahttp://publications.gc.ca|qPDF|s3193 KB|uhttps://publications.gc.ca/collections/collection_2012/sc-hc/H34-257-1-2004-eng.pdf |